书目信息 |
| 题名: |
2005网络应用精华本
|
|
| 作者: | ;远望图书部 编 | |
| 分册: | ||
| 出版信息: | 北京 人民交通出版社 2005 |
|
| 页数: | 295页 | |
| 开本: | 29cm | |
| 丛书名: | ||
| 单 册: | ||
| 中图分类: | TP393-49 | |
| 科图分类: | ||
| 主题词: | 计算机网络--基本知识 | |
| 电子资源: | ||
| ISBN: | 7-114-05443-2 | |
| 000 | 01193nam0 2200325 450 | |
| 000 | 01156nam0 2200313 450 | |
| 000 | 01148nam0 2200325 450 | |
| 000 | 01094nam0 2200301 450 | |
| 000 | 01123nam0 2200289 450 | |
| 000 | 01086nam0 2200277 45 | |
| 001 | TS2006029801 | |
| 005 | 20061214165512.42 | |
| 010 | @a7-114-05443-2@dCNY22.00 | |
| 100 | @a20060829d2005 em y0chiy0110 ea | |
| 101 | 0 | @achi |
| 102 | @aCN@b110000 | |
| 105 | @ay z 000yy | |
| 200 | 1 | @a2005网络应用精华本@A2005 Wang Luo Ying Yong Jing Hua Ben@f远望图书部编@FYuan Wang Tu Shu Bu Bian |
| 210 | @a北京@c人民交通出版社@d2005 | |
| 215 | @a295页@d29cm@e光盘1片,宝典1册(19cm,32页) | |
| 307 | @a附光盘:ISBN 7-900174-19-2 | |
| 307 | @a附:网上交易实战宝典 | |
| 330 | @a本书详细介绍了目前网络应用的热点,包括宽带接入与优化、网络应用密技、网页制作、网络安全攻防密技、无线网络应用技巧、实战局域网组建等内容。 | |
| 606 | 0 | @a计算机网络@x基本知识 |
| 690 | @aTP393-49@v4 | |
| 711 | 02 | @a远望图书部@AYuan Wang Tu Shu Bu@4编 |
| 801 | 0 | @aCN@b中图数据@c20061214 |
| 905 | @a10447@dTP393-49@e244 | |
| 2005网络应用精华本/远望图书部编.-北京:人民交通出版社,2005 |
| 295页;29cm+光盘1片,宝典1册(19cm,32页) |
| ISBN 7-114-05443-2:CNY22.00 |
| 本书详细介绍了目前网络应用的热点,包括宽带接入与优化、网络应用密技、网页制作、网络安全攻防密技、无线网络应用技巧、实战局域网组建等内容。 |
| ● |
| 相关链接 |
|
|
|
|
正题名:2005网络应用精华本
索取号:TP393-49/244
 
预约/预借
| 序号 | 登录号 | 条形码 | 馆藏地/架位号 | 状态 | 备注 |
| 1 | 0613232 | 206132326 | 第二样本阅览室/ [索取号:TP393-49/244] | 在馆 | |
| 2 | 0613233 | 206132335 | 第三借阅区/ [索取号:TP393-49/244] | 在馆 | |
| 3 | 0613234 | 206132344 | 第三借阅区/ [索取号:TP393-49/244] | 在馆 | |
| 4 | 0613235 | 206132353 | 第三借阅区/ [索取号:TP393-49/244] | 在馆 | |
| 5 | 0613236 | 206132362 | 第三借阅区/ [索取号:TP393-49/244] | 在馆 | |
| 6 | 0613237 | 206132371 | 第三借阅区/ [索取号:TP393-49/244] | 在馆 |
本书有关联资源:
1 .光盘 /ISO :2005网络应用精华本 /远望图书部编
下载